[Event "4NCL9495 2nd Season"]
[Site "Various Venues"]
[Date "1995.03.18"]
[Round "9.1"]
[White "Chandler, Murray G"]
[Black "Webster, Andrew"]
[Result "0-1"]
[WhiteElo "2535"]
[BlackElo "2410"]
[PlyCount "80"]
[EventDate "1994.10.01"]
[EventType "team-tourn"]
[EventRounds "11"]
[EventCountry "GBR"]
[SourceTitle "BritBase"]
[SourceDate "2020.05.17"]
[SourceVersion "1"]
[SourceVersionDate "2020.05.17"]
[SourceQuality "1"]
[WhiteTeam "BCM"]
[BlackTeam "Midland Monarchs"]
[WhiteTeamCountry "ENG"]
[BlackTeamCountry "ENG"]

1. e4 g6 2. d4 Bg7 3. Nc3 c6 4. Bc4 d6 5. Qf3 e6 6. Nge2 b5 7. Bb3 a5 8. a4 b4
9. Nd1 Ba6 10. Ne3 Bxe2 11. Qxe2 Bxd4 12. O-O Ne7 13. Kh1 O-O 14. f4 d5 15. Ng4
Bg7 16. c3 h5 17. Ne5 Nd7 18. Nxd7 Qxd7 19. cxb4 axb4 20. Be3 dxe4 21. Bc5 Rfe8
22. Bxe7 Rxe7 23. Rad1 Qb7 24. Qxe4 Bxb2 25. Rd6 c5 26. Qd3 Kg7 27. f5 gxf5 28.
Qg3+ Kf8 29. Rfd1 Qc7 30. Qf3 Rc8 31. Bc4 Bd4 32. R1xd4 cxd4 33. Qxh5 Rd7 34.
Qh6+ Ke8 35. Rxe6+ fxe6 36. Qxe6+ Re7 37. Bb5+ Kf8 38. Qf6+ Kg8 39. Qg6+ Kh8
40. Qh6+ Rh7 0-1

[Event "4NCL9495 2nd Season"]
[Site "Various Venues"]
[Date "1995.03.18"]
[Round "9.2"]
[White "Ledger, Andrew"]
[Black "Mestel, A Jonathan"]
[Result "0-1"]
[WhiteElo "2410"]
[BlackElo "2520"]
[PlyCount "54"]
[EventDate "1994.10.01"]
[EventType "team-tourn"]
[EventRounds "11"]
[EventCountry "GBR"]
[SourceTitle "BritBase"]
[SourceDate "2020.05.17"]
[SourceVersion "1"]
[SourceVersionDate "2020.05.17"]
[SourceQuality "1"]
[WhiteTeam "Midland Monarchs"]
[BlackTeam "BCM"]
[WhiteTeamCountry "ENG"]
[BlackTeamCountry "ENG"]

1. d4 Nf6 2. Nf3 c5 3. d5 d6 4. Nc3 g6 5. e4 Bg7 6. h3 O-O 7. Bd3 Na6 8. O-O
Nc7 9. Re1 a6 10. a4 b6 11. Bg5 h6 12. Bh4 Bb7 13. Bc4 Rb8 14. Qe2 Nh5 15. e5
Nf4 16. Qf1 dxe5 17. Nxe5 b5 18. axb5 axb5 19. Nxb5 Nxb5 20. Bxb5 Qxd5 21. Bc4
Qd4 22. Ra4 Bxg2 23. Bxf7+ Rxf7 24. Rxd4 Bxf1 25. Nxf7 cxd4 26. Rxe7 Bxh3 27.
Bg3 g5 0-1

[Event "4NCL9495 2nd Season"]
[Site "Various Venues"]
[Date "1995.03.18"]
[Round "9.3"]
[White "Bellin, Robert"]
[Black "Ferguson, Mark"]
[Result "1-0"]
[WhiteElo "2400"]
[BlackElo "2370"]
[PlyCount "81"]
[EventDate "1994.10.01"]
[EventType "team-tourn"]
[EventRounds "11"]
[EventCountry "GBR"]
[SourceTitle "BritBase 11May2020"]
[SourceDate "2020.05.11"]
[SourceVersionDate "2020.05.11"]
[WhiteTeam "BCM"]
[BlackTeam "Midland Monarchs"]
[WhiteTeamCountry "ENG"]
[BlackTeamCountry "ENG"]

1. e4 e5 2. Nf3 Nc6 3. Bb5 a6 4. Ba4 Nf6 5. O-O Be7 6. Bxc6 dxc6 7. d3 Nd7 8.
b3 O-O 9. Bb2 f6 10. Nc3 Nc5 11. Ne2 Ne6 12. a4 a5 13. Kh1 Qe8 14. Nd2 Qh5 15.
Nc4 b6 16. Qd2 Qg5 17. Qxg5 Nxg5 18. f4 exf4 19. Rxf4 c5 20. Raf1 Ne6 21. R4f2
Bb7 22. Ne3 Rae8 23. Ng3 Nd4 24. Bxd4 cxd4 25. Nef5 Bc5 26. Nh5 g6 27. Nh6+ Kh8
28. Nxf6 Re7 29. g4 c6 30. g5 Bc8 31. Kg2 Bd6 32. Nh5 Rxf2+ 33. Rxf2 Rd7 34.
Nf6 Re7 35. Nd5 Rb7 36. Rf6 cxd5 37. Rxd6 Kg7 38. Rd8 Be6 39. exd5 Rd7 40.
Rxd7+ Bxd7 41. Kf3 {Source: scoresheet} 1-0

[Event "4NCL9495 2nd Season"]
[Site "Various Venues"]
[Date "1995.03.18"]
[Round "9.4"]
[White "Buckley, Graeme"]
[Black "Cafferty, Bernard"]
[Result "1-0"]
[WhiteElo "2310"]
[BlackElo "2290"]
[PlyCount "67"]
[EventDate "1994.10.01"]
[EventType "team-tourn"]
[EventRounds "11"]
[EventCountry "GBR"]
[SourceTitle "BritBase"]
[SourceDate "2020.05.17"]
[SourceVersion "1"]
[SourceVersionDate "2020.05.17"]
[SourceQuality "1"]
[WhiteTeam "Midland Monarchs"]
[BlackTeam "BCM"]
[WhiteTeamCountry "ENG"]
[BlackTeamCountry "ENG"]

1. d4 Nf6 2. Bg5 d5 3. Bxf6 gxf6 4. e3 c5 5. dxc5 e6 6. c4 Bxc5 7. cxd5 Qxd5 8.
Qxd5 exd5 9. Nc3 Be6 10. O-O-O Nc6 11. Nxd5 O-O-O 12. Nc3 Rxd1+ 13. Kxd1 Rd8+
14. Kc1 Ne5 15. h3 Bb4 16. a3 Bc5 17. Be2 f5 18. Nf3 Nxf3 19. Bxf3 f4 20. Ne4
Bb6 21. exf4 f5 22. Nf6 Bxf2 23. Nxh7 Bb3 24. Kb1 Rd2 25. Rc1+ Kd8 26. Rc3 Ba4
27. Ng5 Bd7 28. Bxb7 Bd4 29. Rb3 Bf6 30. Bf3 Rf2 31. Rb8+ Ke7 32. Rb7 Bxg5 33.
fxg5 f4 34. Bg4 {Source: Cafferty scoresheet} 1-0

[Event "4NCL9495 2nd Season"]
[Site "Various Venues"]
[Date "1995.03.18"]
[Round "9.6"]
[White "Cooper, Lawrence"]
[Black "Wareing, John P"]
[Result "1-0"]
[WhiteElo "2305"]
[BlackElo "1900"]
[PlyCount "111"]
[EventDate "1994.10.01"]
[EventType "team-tourn"]
[EventRounds "11"]
[EventCountry "GBR"]
[SourceTitle "BritBase 11May2020"]
[SourceDate "2020.05.11"]
[SourceVersionDate "2020.05.11"]
[WhiteTeam "Midland Monarchs"]
[BlackTeam "BCM"]
[WhiteTeamCountry "ENG"]
[BlackTeamCountry "ENG"]

1. e4 c5 2. Nf3 e6 3. d4 cxd4 4. Nxd4 Nc6 5. Nb5 d6 6. c4 Nf6 7. N1c3 a6 8. Na3
Be7 9. Be2 O-O 10. O-O Bd7 11. Be3 Na7 12. f4 Bc6 13. Bf3 Qb8 14. Nc2 b6 15.
Nb4 Bb7 16. Nd3 b5 17. e5 Ne8 18. exd6 Nxd6 19. c5 Nc4 20. Qe2 Nxe3 21. Qxe3
Nc6 22. Ne5 Qc7 23. Nxc6 Bxc6 24. b4 Bf6 25. Bxc6 Qxc6 26. Rad1 Rfd8 27. Ne4
Be7 28. Qf3 Qc7 29. f5 Rxd1 30. Rxd1 Rd8 31. fxe6 Rxd1+ 32. Qxd1 fxe6 33. Nd6
Qc6 34. Qb3 Qd5 35. Qxd5 exd5 36. Nb7 Kf7 37. Kf2 Ke6 38. Na5 Bf6 39. Ke3 Bc3
40. Nc6 h6 41. Kd3 Be1 42. a3 g6 43. Nd4+ Kd7 44. Nf3 Bf2 45. Ke2 Bxc5 46. bxc5
Kc6 47. Kd3 Kxc5 48. Ne5 b4 49. axb4+ Kxb4 50. Nxg6 a5 51. Kd4 a4 52. Nf4 a3
53. Nxd5+ Kb3 54. Nc3 Kc2 55. g4 Kd2 56. h4 {Source: scoresheet} 1-0

[Event "4NCL9495 2nd Season"]
[Site "Various Venues"]
[Date "1995.03.18"]
[Round "9.7"]
[White "Anderton, David W"]
[Black "Dishman, Stephen"]
[Result "0-1"]
[WhiteElo "2230"]
[BlackElo "2290"]
[PlyCount "58"]
[EventDate "1994.10.01"]
[EventType "team-tourn"]
[EventRounds "11"]
[EventCountry "GBR"]
[SourceTitle "BritBase 11May2020"]
[SourceDate "2020.05.11"]
[SourceVersionDate "2020.05.11"]
[WhiteTeam "BCM"]
[BlackTeam "Midland Monarchs"]
[WhiteTeamCountry "ENG"]
[BlackTeamCountry "ENG"]

1. d4 d6 2. c4 e5 3. dxe5 dxe5 4. Qxd8+ Kxd8 5. Nc3 Be6 6. e3 c6 7. Nf3 f6 8.
Be2 Nd7 9. O-O a5 10. b3 Nh6 11. Bb2 Nc5 12. Rad1+ Kc7 13. Rd2 a4 14. b4 a3 15.
bxc5 axb2 16. Rxb2 Bxc5 17. Rfb1 Rhb8 18. Ne4 Ba3 19. Rb3 Be7 20. Nc3 b5 21.
cxb5 Bxb3 22. axb3 Bb4 23. b6+ Rxb6 24. Na4 Rbb8 25. Bc4 Nf5 26. Bd3 g6 27.
Bxf5 gxf5 28. Nb2 Bf8 29. Nc4 Rxb3 {Source: scoresheet} 0-1

[Event "4NCL9495 2nd Season"]
[Site "Various Venues"]
[Date "1995.03.18"]
[Round "9.1"]
[White "Littlewood, John Eric"]
[Black "Pritchett, Craig William"]
[Result "1/2-1/2"]
[WhiteElo "2310"]
[BlackElo "2345"]
[PlyCount "84"]
[EventDate "1994.10.01"]
[EventType "team-tourn"]
[EventRounds "11"]
[EventCountry "GBR"]
[SourceTitle "BritBase 11May2020"]
[SourceDate "2020.05.11"]
[SourceVersionDate "2020.05.11"]
[WhiteTeam "North West Eagles"]
[BlackTeam "Barbican"]
[WhiteTeamCountry "ENG"]
[BlackTeamCountry "ENG"]

1. e4 c5 2. Nf3 e6 3. d4 cxd4 4. Nxd4 Nf6 5. Nc3 d6 6. Be3 a6 7. Bc4 b5 8. Bb3
Bb7 9. f3 Nbd7 10. Qe2 Rc8 11. O-O-O Qa5 12. Kb1 Nc5 13. Rhe1 Be7 14. Nd5 exd5
15. Nf5 dxe4 16. Nxg7+ Kd7 17. Nf5 Nxb3 18. Nxe7 Kxe7 19. axb3 Rhg8 20. Bd4 Rg6
21. Qf2 b4 22. fxe4 Ng4 23. Qf5 Ne5 24. Rf1 Rf8 25. Rd2 Qb5 26. h3 Bc8 27. Qf2
Be6 28. Rfd1 h6 29. g4 Ra8 30. Be3 a5 31. Rxd6 Kf8 32. Bf4 a4 33. Rb6 Qa5 34.
Qd4 axb3 35. Qxb4+ Qxb4 36. Rxb4 bxc2+ 37. Kxc2 Rc8+ 38. Kb1 Nd7 39. Rb7 Ke8
40. Bd6 h5 41. gxh5 Rh6 42. Rb5 Nf6 {Source: scoresheet} 1/2-1/2

[Event "4NCL9495 2nd Season"]
[Site "Various Venues"]
[Date "1995.03.18"]
[Round "9.2"]
[White "Piper, Matthew"]
[Black "Tebb, David"]
[Result "1/2-1/2"]
[WhiteElo "2285"]
[BlackElo "2305"]
[PlyCount "81"]
[EventDate "1994.10.01"]
[EventType "team-tourn"]
[EventRounds "11"]
[EventCountry "GBR"]
[SourceTitle "BritBase 11May2020"]
[SourceDate "2020.05.11"]
[SourceVersionDate "2020.05.11"]
[WhiteTeam "Barbican"]
[BlackTeam "North West Eagles"]
[WhiteTeamCountry "ENG"]
[BlackTeamCountry "ENG"]

1. e4 e5 2. Nf3 Nc6 3. Nc3 Nf6 4. d4 exd4 5. Nxd4 Bb4 6. Nxc6 bxc6 7. Bd3 d5 8.
exd5 cxd5 9. O-O O-O 10. Bg5 Be6 11. Nb5 Bc5 12. c3 Rb8 13. Qc2 c6 14. Nd4 Bxd4
15. cxd4 h6 16. Bh4 Rb4 17. Rfd1 Kh8 18. Qxc6 Rxd4 19. Bg3 Rb4 20. Qc5 Rxb2 21.
Qxa7 Qa8 22. Qxa8 Rxa8 23. a4 Nd7 24. Rdc1 Nb6 25. a5 Nc4 26. a6 Ra7 27. Bxc4
dxc4 28. Be5 Rb6 29. Bd4 Raxa6 30. Bxb6 Rxb6 31. Rc2 Rb3 32. f3 g6 33. Kf2 Rd3
34. Ra5 Kg7 35. Re5 Kf6 36. Re3 Rd1 37. Ra3 Rh1 38. h3 Rb1 39. Ke3 Rb5 40. Kd4
Rb1 41. Ra5 {Source: scoresheet} 1/2-1/2

[Event "4NCL9495 2nd Season"]
[Site "Various Venues"]
[Date "1995.03.18"]
[Round "9.3"]
[White "House, Glenn L"]
[Black "Britton, Richard"]
[Result "1-0"]
[WhiteElo "2240"]
[BlackElo "2320"]
[PlyCount "81"]
[EventDate "1994.10.01"]
[EventType "team-tourn"]
[EventRounds "11"]
[EventCountry "GBR"]
[SourceTitle "BritBase 11May2020"]
[SourceDate "2020.05.11"]
[SourceVersionDate "2020.05.11"]
[WhiteTeam "North West Eagles"]
[BlackTeam "Barbican"]
[WhiteTeamCountry "ENG"]
[BlackTeamCountry "ENG"]

1. e4 c5 2. Nf3 d6 3. Bb5+ Bd7 4. Bxd7+ Qxd7 5. c4 Nf6 6. Nc3 e5 7. O-O Be7 8.
d3 O-O 9. a3 Nc6 10. Rb1 Ne8 11. b4 b6 12. Nd5 Rd8 13. b5 Nb8 14. a4 Nc7 15. a5
Nxd5 16. cxd5 Qe8 17. axb6 axb6 18. Nd2 f5 19. Nc4 Nd7 20. Bd2 f4 21. f3 Qh5
22. Ra1 Rf6 23. Be1 Rh6 24. h3 Qg6 25. Kh2 Qe8 26. Ra6 Rb8 27. Qa4 g5 28. Kg1
Rg6 29. Kf2 h5 30. Ke2 g4 31. Bf2 Kf7 32. hxg4 hxg4 33. Rh1 Qg8 34. Qd1 Ke8 35.
Qf1 Rb7 36. Ra8+ Nb8 37. Qa1 gxf3+ 38. gxf3 Rg2 39. Rg1 Kd7 40. Rxg2 Qxg2 41.
Rxb8 {Source: scoresheet} 1-0

[Event "4NCL9495 2nd Season"]
[Site "Various Venues"]
[Date "1995.03.18"]
[Round "9.4"]
[White "Kenworthy, Gary"]
[Black "Quillan, Gary"]
[Result "1/2-1/2"]
[WhiteElo "2290"]
[BlackElo "2305"]
[PlyCount "28"]
[EventDate "1994.10.01"]
[EventType "team-tourn"]
[EventRounds "11"]
[EventCountry "GBR"]
[SourceTitle "BritBase 11May2020"]
[SourceDate "2020.05.11"]
[SourceVersionDate "2020.05.11"]
[WhiteTeam "Barbican"]
[BlackTeam "North West Eagles"]
[WhiteTeamCountry "ENG"]
[BlackTeamCountry "ENG"]

1. c4 e5 2. g3 Nf6 3. Bg2 Nc6 4. Nc3 Bb4 5. e4 Bxc3 6. bxc3 d6 7. d3 O-O 8. Nf3
Nd7 9. Nh4 Nc5 10. O-O Re8 11. Be3 Bd7 12. Rb1 b6 13. Qc2 Ne6 14. Qd2 Na5 {
Source: scoresheet} 1/2-1/2

[Event "4NCL9495 2nd Season"]
[Site "Various Venues"]
[Date "1995.03.18"]
[Round "9.5"]
[White "Lund, D Brett"]
[Black "Coleman, David J"]
[Result "1/2-1/2"]
[WhiteElo "2280"]
[BlackElo "2240"]
[PlyCount "193"]
[EventDate "1994.10.01"]
[EventType "team-tourn"]
[EventRounds "11"]
[EventCountry "GBR"]
[SourceTitle "BritBase 10May2020"]
[SourceDate "2020.05.10"]
[SourceVersionDate "2020.05.10"]
[WhiteTeam "North West Eagles"]
[BlackTeam "Barbican"]
[WhiteTeamCountry "ENG"]
[BlackTeamCountry "ENG"]

1. g3 c5 2. Bg2 Nc6 3. f4 g6 4. Nf3 Bg7 5. O-O d6 6. d3 e6 7. c3 Nge7 8. e4 O-O
9. Be3 b6 10. Na3 Bb7 11. Qd2 f5 12. Rfe1 Qd7 13. Rac1 Rac8 14. b4 Nd8 15. bxc5
bxc5 16. exf5 gxf5 17. Rb1 Nd5 18. Rb3 Nxe3 19. Qxe3 Bd5 20. Nc4 Nc6 21. Qe2
Rb8 22. Ra3 Nd8 23. Ng5 h6 24. Nh3 Nf7 25. Ne3 Bxg2 26. Nxg2 e5 27. Rf1 Rbe8
28. fxe5 dxe5 29. c4 f4 30. Qh5 fxg3 31. hxg3 Nd8 32. Rxf8+ Rxf8 33. Nf2 Nc6
34. Rb3 Qd4 35. Qe2 Qa1+ 36. Qd1 Qxa2 37. Ne4 Qa6 38. Nxc5 Qc8 39. Ne4 Nd4 40.
Rb2 Qh3 41. Rf2 Rxf2 42. Kxf2 Qf5+ 43. Ke3 Qf7 44. Nh4 h5 45. Nf3 Bh6+ 46. Kf2
Nf5 47. Qh1 Be3+ 48. Kg2 Qg6 49. Qxh5 Qxh5 50. Nf6+ Kf7 51. Nxh5 Ke6 52. Kf1 a5
53. Ke2 a4 54. Kd1 Bh6 55. Kc2 Bf8 56. Kb2 Ne3 57. Ng5+ Kf5 58. Nh7 Be7 59. c5
Bxc5 60. N7f6 Be7 61. g4+ Nxg4 62. Nd5 Bf8 63. Ng3+ Ke6 64. Nc3 a3+ 65. Kb3 Nf2
66. Nb1 Nxd3 67. Nxa3 Kd5 68. Nc4 Bc5 69. Nxe5 Nxe5 70. Ne2 Nc6 71. Nc3+ Kd4
72. Nb5+ Kd3 73. Ka4 Be7 74. Kb3 Na5+ 75. Ka4 Nb7 76. Na3 Nc5+ 77. Kb5 Ne4 78.
Ka4 Nd2 79. Nb5 Nb1 80. Kb3 Bc5 81. Kb2 Nd2 82. Na3 Bd4+ 83. Kc1 Ne4 84. Nc2
Bc3 85. Kd1 Nf2+ 86. Kc1 Bf6 87. Nb4+ Kc4 88. Nc2 Kc3 89. Na3 Bg5+ 90. Kb1 Ne4
91. Ka2 Kb4 92. Nc2+ Ka4 93. Kb2 Bf6+ 94. Kc1 Kb3 95. Kd1 Nc3+ 96. Kd2 Ne4+ 97.
Ke3 {Source: scoresheet} 1/2-1/2

[Event "4NCL9495 2nd Season"]
[Site "Various Venues"]
[Date "1995.03.18"]
[Round "9.1"]
[White "Pein, Malcolm"]
[Black "Karlsson, Agust Sindri"]
[Result "1-0"]
[WhiteElo "2415"]
[BlackElo "2315"]
[PlyCount "83"]
[EventDate "1994.10.01"]
[EventType "team-tourn"]
[EventRounds "11"]
[EventCountry "GBR"]
[SourceTitle "BritBase 11May2020"]
[SourceDate "2020.05.11"]
[SourceVersionDate "2020.05.11"]
[WhiteTeam "Wood Green"]
[BlackTeam "Bristol"]
[WhiteTeamCountry "ENG"]
[BlackTeamCountry "ENG"]

1. d4 e6 2. c4 d5 3. Nc3 f5 4. Bf4 c6 5. h3 Nf6 6. g4 dxc4 7. e3 b5 8. Bg2 Nd5
9. Be5 b4 10. Nce2 Nd7 11. Nf3 N7b6 12. Qc2 Qd7 13. Ng3 Rg8 14. O-O g6 15. e4
fxe4 16. Nxe4 Ba6 17. Nc5 Bxc5 18. dxc5 Nc8 19. Ng5 Qe7 20. Ne4 Bb5 21. Rfe1 a5
22. Rad1 Ra7 23. Bd6 Qd8 24. Qc1 g5 25. Ng3 Kd7 26. Qc2 Rg6 27. Be4 Rh6 28. Nf5
Rxh3 29. Bg3 Qf6 30. Nd4 Nce7 31. Bg2 Rh6 32. Nxe6 Qxe6 33. Rxe6 Rxe6 34. Qxh7
Ba4 35. Bxd5 cxd5 36. Rxd5+ Kc8 37. Qh8+ Kb7 38. Qb8+ Ka6 39. Rd6+ Rxd6 40.
cxd6 Rb7 41. Qa8+ Ra7 42. Qe4 1-0

[Event "4NCL9495 2nd Season"]
[Site "Various Venues"]
[Date "1995.03.18"]
[Round "9.2"]
[White "Wall, Gavin"]
[Black "Littlewood, Paul E"]
[Result "1/2-1/2"]
[WhiteElo "2275"]
[BlackElo "2445"]
[PlyCount "96"]
[EventDate "1994.10.01"]
[EventType "team-tourn"]
[EventRounds "11"]
[EventCountry "GBR"]
[SourceTitle "BritBase 11May2020"]
[SourceDate "2020.05.11"]
[SourceVersionDate "2020.05.11"]
[WhiteTeam "Bristol"]
[BlackTeam "Wood Green"]
[WhiteTeamCountry "ENG"]
[BlackTeamCountry "ENG"]

1. d4 Nf6 2. Nf3 g6 3. Bf4 Bg7 4. h3 O-O 5. e3 c5 6. Nbd2 b6 7. c3 d6 8. Bc4
cxd4 9. exd4 Bb7 10. O-O Nbd7 11. Re1 Nd5 12. Bg5 N7f6 13. Nf1 h6 14. Bd2 Nh5
15. Qc1 Kh7 16. N3h2 f5 17. Be2 Nhf6 18. Bf3 Rc8 19. Ng3 Qd7 20. h4 Rfe8 21. h5
e5 22. hxg6+ Kxg6 23. Qd1 Kh7 24. Nh5 e4 25. Be2 Nxh5 26. Bxh5 Rg8 27. Nf1 Bf6
28. Qe2 Bg5 29. g3 Bxd2 30. Qxd2 Rg5 31. Bd1 b5 32. Bb3 Nf6 33. d5 Ng4 34. Nh2
Ne5 35. Qe3 a5 36. a4 b4 37. cxb4 Nd3 38. Red1 Nxb4 39. Rac1 Rg7 40. Rxc8 Qxc8
41. Qf4 Qd7 42. Bc4 Ba6 43. Bxa6 Nxa6 44. Nf1 Nc5 45. Ne3 Rf7 46. Kg2 Rf6 47.
Ng4 Rg6 48. Ne3 Rf6 {Source: scoresheet} 1/2-1/2

[Event "4NCL9495 2nd Season"]
[Site "Various Venues"]
[Date "1995.03.18"]
[Round "9.3"]
[White "Law, Andrew P"]
[Black "Beaumont, Chris"]
[Result "1/2-1/2"]
[WhiteElo "2360"]
[BlackElo "2350"]
[PlyCount "72"]
[EventDate "1994.10.01"]
[EventType "team-tourn"]
[EventRounds "11"]
[EventCountry "GBR"]
[SourceTitle "BritBase 11May2020"]
[SourceDate "2020.05.11"]
[SourceVersionDate "2020.05.11"]
[WhiteTeam "Wood Green"]
[BlackTeam "Bristol"]
[WhiteTeamCountry "ENG"]
[BlackTeamCountry "ENG"]

1. d4 Nf6 2. c4 g6 3. Nc3 Bg7 4. e4 d6 5. Nf3 O-O 6. h3 Na6 7. Bg5 e5 8. d5 h6
9. Be3 Nc5 10. Nd2 a5 11. Be2 Bd7 12. g4 c6 13. h4 a4 14. g5 hxg5 15. hxg5 Nh7
16. Rg1 cxd5 17. cxd5 f5 18. gxf6 Qxf6 19. Rg2 Qh4 20. Nf3 Qh1+ 21. Rg1 Qh3 22.
Rxg6 Nf6 23. Rg3 Qh7 24. Ng5 Qh1+ 25. Kd2 Ncxe4+ 26. Ngxe4 Nxe4+ 27. Nxe4 Qxe4
28. Qc2 Qxc2+ 29. Kxc2 Bf5+ 30. Kd2 Rac8 31. Rag1 Rf7 32. Bh5 Rc2+ 33. Kd1 Rd7
34. Bh6 Rcc7 35. Bg6 Bxh6 36. Bxf5+ Rg7 {Source: scoresheet} 1/2-1/2

[Event "4NCL9495 2nd Season"]
[Site "Various Venues"]
[Date "1995.03.18"]
[Round "9.4"]
[White "Phillips, Roy Jean Noel"]
[Black "Martin, Benjamin"]
[Result "0-1"]
[WhiteElo "2130"]
[BlackElo "2355"]
[PlyCount "102"]
[EventDate "1994.10.01"]
[EventType "team-tourn"]
[EventRounds "11"]
[EventCountry "GBR"]
[SourceTitle "BritBase 11May2020"]
[SourceDate "2020.05.11"]
[SourceVersionDate "2020.05.11"]
[WhiteTeam "Bristol"]
[BlackTeam "Wood Green"]
[WhiteTeamCountry "ENG"]
[BlackTeamCountry "ENG"]

1. e4 e6 2. d3 d5 3. Nd2 c5 4. Ngf3 Nc6 5. g3 Bd6 6. Bg2 Nge7 7. O-O O-O 8. Nh4
Bd7 9. f4 f6 10. c3 Be8 11. f5 Bf7 12. fxe6 Bxe6 13. exd5 Nxd5 14. Ne4 b6 15.
Nf5 Be5 16. Qg4 Bxf5 17. Qxf5 Nde7 18. Qe6+ Kh8 19. Bf4 Qc8 20. Qb3 Bxf4 21.
Rxf4 Qd7 22. Raf1 Ng6 23. Rf5 Rad8 24. Rh5 Nge5 25. Nf2 Qf7 26. Qxf7 Rxf7 27.
Rf5 Rfd7 28. Re1 Kg8 29. Rf4 Ne7 30. Bh3 Rd6 31. Bg2 R8d7 32. Ra4 Nxd3 33. Nxd3
Rxd3 34. Bh3 f5 35. Rf4 g6 36. Rf2 Kf7 37. Bf1 Rd1 38. Bc4+ Kf6 39. Rfe2 Rxe1+
40. Rxe1 Rd6 41. Kf2 Nc6 42. Ke3 Ne5 43. Be2 Ng4+ 44. Bxg4 Re6+ 45. Kd2 Rxe1
46. Kxe1 fxg4 47. Kd2 c4 48. b3 b5 49. Kc2 Ke5 50. a4 bxa4 51. bxa4 a5 {
Source: scoresheet} 0-1

[Event "4NCL9495 2nd Season"]
[Site "Various Venues"]
[Date "1995.03.18"]
[Round "9.5"]
[White "Sowray, Peter John"]
[Black "Binks, Michael E"]
[Result "1-0"]
[WhiteElo "2325"]
[BlackElo "2110"]
[PlyCount "99"]
[EventDate "1994.10.01"]
[EventType "team-tourn"]
[EventRounds "11"]
[EventCountry "GBR"]
[SourceTitle "BritBase 11May2020"]
[SourceDate "2020.05.11"]
[SourceVersionDate "2020.05.11"]
[WhiteTeam "Wood Green"]
[BlackTeam "Bristol"]
[WhiteTeamCountry "ENG"]
[BlackTeamCountry "ENG"]

1. d4 d5 2. c4 c6 3. Nf3 Nf6 4. e3 e6 5. Nc3 a6 6. Qc2 Be7 7. Bd2 Nbd7 8. Bd3
dxc4 9. Bxc4 b5 10. Bd3 c5 11. a4 c4 12. Be2 Rb8 13. axb5 axb5 14. O-O O-O 15.
e4 Qb6 16. Bf4 Rb7 17. Ra8 Qc6 18. d5 exd5 19. exd5 Nxd5 20. Nd4 Qc5 21. Nxd5
Qxd5 22. Nf5 Ne5 23. Rd1 Bxf5 24. Rxf8+ Kxf8 25. Rxd5 Bxc2 26. Bxe5 f6 27. Bf4
Kf7 28. Rxb5 Ra7 29. Bxc4+ Kg6 30. h4 f5 31. Rb6+ Bf6 32. Bg5 h6 33. Bxf6 gxf6
34. Kf1 Ra1+ 35. Ke2 Rh1 36. g3 f4 37. Bd5 Rh2 38. Kf3 Kf5 39. Be6+ Kg6 40. Rd6
fxg3 41. fxg3 Rh1 42. Rd7 f5 43. Bd5 Kf6 44. Rc7 Rh2 45. Kf4 Rf2+ 46. Ke3 Rh2
47. Rc6+ Kg7 48. b4 Ba4 49. Ra6 Bb5 50. Ra2 {Source: scoresheet} 1-0

[Event "4NCL9495 2nd Season"]
[Site "Various Venues"]
[Date "1995.03.18"]
[Round "9.7"]
[White "Jackson, Sheila"]
[Black "Rudd, Jack"]
[Result "1-0"]
[WhiteElo "2180"]
[BlackElo "2250"]
[PlyCount "101"]
[EventDate "1994.10.01"]
[EventType "team-tourn"]
[EventRounds "11"]
[EventCountry "GBR"]
[SourceTitle "BritBase 11May2020"]
[SourceDate "2020.05.11"]
[SourceVersionDate "2020.05.11"]
[WhiteTeam "Wood Green"]
[BlackTeam "Bristol"]
[WhiteTeamCountry "ENG"]
[BlackTeamCountry "ENG"]

1. e4 c5 2. c3 Nf6 3. e5 Nd5 4. d4 Nc6 5. Nf3 cxd4 6. Bc4 Nb6 7. Bb3 dxc3 8.
Nxc3 e6 9. O-O d5 10. exd6 Bxd6 11. Be3 O-O 12. Bxb6 axb6 13. Qe2 Bb8 14. Rad1
Qe7 15. a3 Ra5 16. Rfe1 Rh5 17. h3 Ne5 18. Ne4 Ng6 19. Qe3 b5 20. Qd2 Nf4 21.
Ng3 Rh6 22. Nf5 Qf6 23. Nxh6+ Qxh6 24. Bc2 Qh5 25. Qe3 f6 26. Bd3 b6 27. Bf1
Bb7 28. Nd4 Be5 29. Nxb5 Rc8 30. Nd4 Rd8 31. Ne2 Nd5 32. Qb3 Rc8 33. Ng3 Qg5
34. Be2 h5 35. Ne4 Qf4 36. Ng3 h4 37. Nf1 Qg5 38. Bf3 Rc5 39. Kh1 Kh8 40. Rd3
Ba6 41. Rdd1 Bxf1 42. Bxd5 Rxd5 43. Rxf1 Qf4 44. g3 Qe4+ 45. f3 Qe2 46. Rde1
Qd2 47. f4 Bxb2 48. Rxe6 Rd3 49. Re8+ Kh7 50. Qg8+ Kg6 51. f5+ {Source:
scoresheet} 1-0

[Event "4NCL9495 2nd Season"]
[Site "Various Venues"]
[Date "1995.03.18"]
[Round "9.1"]
[White "King, Daniel J"]
[Black "Bates, Richard A"]
[Result "1-0"]
[WhiteElo "2500"]
[BlackElo "2355"]
[PlyCount "111"]
[EventDate "1994.10.01"]
[EventType "team-tourn"]
[EventRounds "11"]
[EventCountry "GBR"]
[SourceTitle "BritBase 11May2020"]
[SourceDate "2020.05.11"]
[SourceVersionDate "2020.05.11"]
[WhiteTeam "Na Fianna"]
[BlackTeam "Covent Garden"]
[WhiteTeamCountry "IRL"]
[BlackTeamCountry "ENG"]

1. g3 g6 2. Bg2 Bg7 3. e4 c5 4. d3 Nc6 5. f4 d6 6. Nf3 Nh6 7. c3 O-O 8. O-O f5
9. Na3 Nf7 10. Be3 fxe4 11. dxe4 e5 12. f5 gxf5 13. exf5 Bxf5 14. Nh4 Be6 15.
Qh5 Qe8 16. Nb5 Nh6 17. Qxe8 Raxe8 18. Nxd6 Rxf1+ 19. Rxf1 Rb8 20. b3 Nd8 21.
Bxc5 b6 22. Be3 Ng4 23. Bc1 Nf7 24. Nxf7 Bxf7 25. Nf5 Bf8 26. h3 Bc5+ 27. Kh1
Nf2+ 28. Kh2 b5 29. Be3 Bxe3 30. Nxe3 Nd3 31. Bd5 Bxd5 32. Nxd5 Kg7 33. h4 Rc8
34. b4 Rc4 35. Kh3 Re4 36. Rf3 Nc1 37. a3 Ne2 38. Kg2 a5 39. Kf2 axb4 40. axb4
Nc1 41. Re3 Rc4 42. Kf3 Na2 43. Rxe5 Nxc3 44. Nxc3 Rxc3+ 45. Kg2 Rb3 46. Rxb5
h6 47. Kh3 Kg6 48. h5+ Kf6 49. Kg4 Rb1 50. Rb6+ Kg7 51. b5 Kh7 52. Rb7+ Kg8 53.
Kf5 Rb3 54. b6 Rf3+ 55. Ke5 Re3+ 56. Kd4 {Source: scoresheet} 1-0

[Event "4NCL9495 2nd Season"]
[Site "Various Venues"]
[Date "1995.03.18"]
[Round "9.2"]
[White "Harley, Andrew D"]
[Black "Kinsman, Andrew PH"]
[Result "1/2-1/2"]
[WhiteElo "2285"]
[BlackElo "2355"]
[PlyCount "35"]
[EventDate "1994.10.01"]
[EventType "team-tourn"]
[EventRounds "11"]
[EventCountry "GBR"]
[SourceTitle "BritBase 11May2020"]
[SourceDate "2020.05.11"]
[SourceVersionDate "2020.05.11"]
[WhiteTeam "Covent Garden"]
[BlackTeam "Na Fianna"]
[WhiteTeamCountry "ENG"]
[BlackTeamCountry "IRL"]

1. e4 e6 2. d4 d5 3. Nc3 Bb4 4. e5 c5 5. a3 Ba5 6. b4 cxd4 7. Nb5 Bc7 8. f4 Nh6
9. Bd3 Bd7 10. Nxc7+ Qxc7 11. Nf3 Qb6 12. Bb2 Bb5 13. Bxd4 Qa6 14. O-O Nc6 15.
Bc5 Bxd3 16. cxd3 Nf5 17. g4 Nfe7 18. a4 {Source: scoresheet} 1/2-1/2